"Klopal by som u Svätého Petra-" Michael Schumacher celkom úprimne

Bibliographic Details
Main Author: Schumacher, Michael, 1969- (uin)
Format: Article
Language:Slovak
PhysicalDescription:Fotogr.
Subjects:

MARC

LEADER 00000nab a2200000 a 4500
001 vtls000699798
003 SK-MaSNL
005 20260305003619.0
008 180205c1999 xo 0 slo
015 |a SNBRB1999/09-21310 
035 |a CLN000051965 
040 |a SNKBUCL  |b slo  |c SNKBUCL  |e AACR2 
041 0 |a slo 
044 |a xo  |c SK 
080 |a 796.71.071  |2 UDC-MRF-SK2 
100 1 |a Schumacher, Michael,  |d 1969-  |4 uin  |9 131802 
245 1 0 |a "Klopal by som u Svätého Petra-"  |b Michael Schumacher celkom úprimne 
300 |b Fotogr. 
600 1 7 |a Schumacher, Michael,  |d 1969-  |2 snkbucl  |9 131802 
655 7 |a články z novín a časopisov  |2 snkbucl  |9 267496 
773 0 |t Šport  |g Roč. 53, č. 213 (16.9.1999), s. 5 
850 |a Slovenská národná knižnica v Martine 
852 |a SNK  |b KIS3GCP 
958 |a RBX 
999 |c 3231194  |d 3233124